000 00295nam a22001337a 4500
008 181019b xxu||||| |||| 00| 0 eng d
020 _a0407001328
041 _aeng
080 _a617
100 _a8
101 _aORT
245 _aHid Disorders in Children
_cRoberts, G.C.L
942 _2udc
_cBK
999 _c50302
_d50302